| 000 | 00479nam a2200193Ia 4500 | ||
|---|---|---|---|
| 005 | 20240823005435.0 | ||
| 008 | 240823s9999||||xx |||||||||||||| ||und|| | ||
| 041 | _aENGLISH | ||
| 082 | _A621.3815 N7 | ||
| 100 | _a"Burn,Stanley G" | ||
| 245 | 0 | _aPrinciples of Electronic Circuits | |
| 250 | _a2nd | ||
| 260 |
_c1997 _b"Galgotia,New Delhi" |
||
| 500 | _aTRANSFERED | ||
| 650 |
_aElectronics _bInstrumentation |
||
| 700 | _a" Bond,Paul R" | ||
| 942 | _cBK | ||
| 999 |
_c155724 _d155724 |
||